1757 1654 1921 1234 1237 1598 1142 1246 1915 1888 1455 1296 1089 1922 1845 1693 1469 1516 1577 1881 1573 1266 1965 1126 1888 1607 1369 1934 1938 1117 1273 1384 1156 1131 1650 1549 1490 1938 1328 1333 1078 1558 1842 1906 1345 1562 1834 1361 1847 1725 1504 1721 1089 1448 1723 1632 1721 1249 1681 1342 1179 1645 1852 1003 1498 1195 1002 1997 1574 1509 1226 1099 1331 1509 1504 1037 1756 1696 1688 1305 1428 1189 1417 1522 1631 1289 1171 1803 1737 1514 1162 1923 1234 1525 1318 1108 1332 1176 1484 BCNSPRNW ULIB Ver.6.0+V

เปลี่ยนเป็นภาษาไทย

Change to English
 แสดงรายละเอียดบรรณานุกรม
  กลับหน้าหลัก

Brief Record : Get Marc (ISO 2709) : E-mail record : QR code < ปิดหน้าต่าง
LEADER : 00000nam 2200000uu 4500
001    13399128946
003     ULIB
008    241101s2563||||th 000 0 tha d
020    ^a9786165656351
050  4 ^aZ665^bท668ท
100 0  ^aเทอดศักดิ์ ไม้เท้าทอง
245 10 ^aทักษะการรู้สารสนเทศในศตวรรษที่ 21 /^cเทอดศักดิ์ ไม้เท้าทอง
250    ^aพิมพ์ครั้งที่ 1
260    ^aกรุงเทพฯ :^bกรีน ไลฟ์ พริ้นติ้ง เฮ้าส์,^c2563
300    ^a154 หน้า :^bภาพประกอบ ;^c22 ซม.
650  4 ^aการรู้สารสนเทศ
650  4 ^aการค้นสารสนเทศ
945    ^p160^l0^i30326
945    ^p160^l0^i30327
999    ^aกัณชพร จุลอักษร
รายการนี้ยังไม่มีแท็ก
คุณยังไม่ได้ล็อกอิน คุณสามารถมีกิจกรรมร่วมกับเว็บไซต์ได้ แต่ต้องล็อกอินก่อน ::
  ล็อกอิน

รายการสื่อสารสนเทศ

ลำดับที่ ประเภท เลขเรียก/บาร์โค้ด สถานที่ สถานะ
1. หนังสือสำรอง
หนังสือสำรอง
Z665 ท668ท ฉ.1 
  Barcode: 30326
ห้องสมุดวิทยาเขตนครสวรรค์
►หนังสือทั่วไป:l:General Books
บนชั้น
2. วิทยาศาสตร์การแพทย์ และสุขภาพ
วิทยาศาสตร์การแพทย์ และสุขภาพ
Z665 ท668ท ฉ.2 
  Barcode: 30327
ห้องสมุดวิทยาเขตนครสวรรค์
►หนังสือทั่วไป:l:General Books
บนชั้น

รายการใกล้เคียง
    ผู้แต่ง [เทอดศักดิ์ ไม้เท้าทอง]

    หัวเรื่อง [การรู้สารสนเทศ]
    หัวเรื่อง [การค้นสารสนเทศ]

BibComment


ยังไม่เคยถูกคอมเมนท์

คอมเมนท์ทรัพยากรรายการนี้
  คอมเมนท์: ทักษะการรู้สารสน..


 Copyright 2026. Bcnsprnw @Library